| 000 | 02479nam a2200469 i 4500 | ||
|---|---|---|---|
| 005 | 20220317001430.0 | ||
| 007 | ta | ||
| 008 | 210825r20152019ck jr 000 j spa d | ||
| 020 | _a9789587434781 | ||
| 040 |
_aCO-BoRNBP _bspa _erda _cCO-BoRNBP |
||
| 041 | 0 | _aspa | |
| 084 | _aC CUE159 | ||
| 245 | 0 | 0 |
_aCuentos caníbales _bantología de narradores colombianos |
| 250 |
_aPrimera edición _bTercera reimpresión, Quinta reimpresión |
||
| 264 | 1 |
_aBogotá _aBuenos Aires _bLoqueleo _bRichmond _bSantillana _c2015 _c2017 _c2019 |
|
| 300 |
_a313 páginas, [20] páginas sin numerar _c22 cm |
||
| 336 |
_atexto _btxt _2rdacontent |
||
| 337 |
_asin mediación _bn _2rdamedia |
||
| 338 |
_avolumen _bnc _2rdacarrier |
||
| 505 | 0 | 0 |
_tLa mágia de Joe Domínguez _rPedro Badrán Padauí _tGorgona _rJuan Carlos Botero _tMaría de mis Sueños _rJorge Franco _tMuy cerca del mar te escribo _rSantiago Gamboa _tAlexander Selkirk _rMario Mendoza _tJugar el juego _rLuis Noriega _tAvatares de un nuevo Judas _rÉdgar Ordóñez _tLa visita del condotiero _rEnrique Serrano _tSemejante a la vida _rRicardo Silva Romero _tKamandil Viarko (fragmento de una novela inédita) _rAntonio Ungar _tLugares para esconderse _rJuan Gabriel Vásquez _tEstudio de la obra _rDiana Ospina |
| 520 | _aOnce escritores colombianos reflejan el tono variante de su época, la patria y el idioma. Todos, desde sus letras, contribuyen una fábula narrativa con personajes que se alimentan de sus propios males. | ||
| 521 | _aRecomendado para un público mayor de 15 años | ||
| 545 | _aIncluye datos biográficos del autor al final del texto | ||
| 650 | 1 | 7 |
_aCuentos colombianos _2LEMB |
| 650 | 1 | 7 |
_aLiteratura colombiana _2LEMB |
| 650 | 1 | 7 |
_aAutores colombianos _2LEMB |
| 650 | 1 | 7 |
_aViajes _vCuentos _2LEMB |
| 650 | 1 | 7 |
_aVida _vCuentos _2LEMB |
| 700 | 1 |
_aGiraldo, Luz Mary _d1950- _eprologuista _975723 |
|
| 700 | 1 |
_aBadrán Padauí, Pedro _d1960- _eautor _9184866 |
|
| 700 | 1 |
_aBotero, Juan Carlos _d1960- _eautor _9184867 |
|
| 700 | 1 |
_aFranco, Jorge _d1962- _eautor _9184868 |
|
| 700 | 1 |
_aGamboa, Santiago _d1965- _eautor _94360 |
|
| 700 | 1 |
_aMendoza, Mario _d1964- _eautor _9184869 |
|
| 700 | 1 |
_aNoriega, Luis _d1972- _eautor _9184870 |
|
| 700 | 1 |
_aOrdóñez, Édgar _d1961- _eautor _9184871 |
|
| 700 | 1 |
_aSerrano, Enrique _d1960- _eautor _98839 |
|
| 700 | 1 |
_aSilva Romero, Ricardo _d1975- _eautor _9184872 |
|
| 700 | 1 |
_aUngar, Antonio _d1974- _eautor _910171 |
|
| 700 | 1 |
_aVásquez, Juan Gabriel _d1973- _eautor _917287 |
|
| 942 |
_2loc _cBKLIT |
||
| 999 |
_c6962 _d6962 |
||